Normal view
MARC view
- الجاسوسية-المخابرات-الكترونيات
Entry Topical Term
001 - CONTROL NUMBER
- control field: 37591
003 - CONTROL NUMBER IDENTIFIER
- control field: JO-AjAnu
005 - DATE AND TIME OF LATEST TRANSACTION
- control field: 20230606080252.0
008 - FIXED-LENGTH DATA ELEMENTS
- fixed length control field: 230606|| aca||aabn | a|a d
040 ## - CATALOGING SOURCE
- Original cataloging agency: JO-AjAnu
- Transcribing agency: JO-AjAnu
150 ## - HEADING--TOPICAL TERM
- Topical term or geographic name entry element: الجاسوسية-المخابرات-الكترونيات
670 ## - SOURCE DATA FOUND
- Source citation: Work cat.: (JO-AjAnu)19287: تاليف كلاين، راي ؛ ترجمة سمير عبدالكريم , author 37590, الجاسوسية في عصر الالكترونيات، الجزء الاول والثاني